|
|
|
|
| LEADER |
00000nab a2200000 a 4500 |
| 001 |
vtls000404537 |
| 003 |
SK-MaSNL |
| 005 |
20260303202945.0 |
| 008 |
140328c1990 xo 0 slo |
| 015 |
|
|
|a SNBRB19rr/mm-uuuuu
|
| 035 |
|
|
|a CL0404661
|
| 040 |
|
|
|a SNKBUCL
|b slo
|c SNKBUCL
|e AACR2
|
| 041 |
0 |
|
|a slo
|
| 044 |
|
|
|a xo
|c SK
|
| 080 |
|
|
|a 674+684:339.174
|2 1981
|
| 080 |
|
|
|a 684
|2 1981
|
| 080 |
|
|
|a 339.174
|2 1981
|
| 245 |
0 |
0 |
|a Medzinárodný drevársky veľtrh Klagenfurt 1990
|
| 300 |
|
|
|b Obr. 9.
|
| 650 |
0 |
7 |
|a technika drevárska
|2 snkbucl
|9 899324
|
| 650 |
0 |
7 |
|a drevené výrobky
|2 snkbucl
|9 69020
|
| 650 |
0 |
7 |
|a Medzinárodný drevársky veľtrh 1990, Klagenfurt
|2 snkbucl
|9 1235018
|
| 655 |
|
7 |
|a články z novín a časopisov
|2 snkbucl
|9 267496
|
| 773 |
0 |
|
|t Drevo
|g Roč. 45, č. 12 (1990), s. 369-371
|
| 850 |
|
|
|a Slovenská národná knižnica v Martine
|a MTA001
|
| 852 |
|
|
|a SNK
|b KIS3GCP
|
| 958 |
|
|
|a RK
|
| 992 |
|
|
|a RBX
|
| 999 |
|
|
|c 2182939
|d 2184869
|